00157nam a2200061Ia 4500008004100000100002100041245003300062120527s9999 xx 000 0 und d aHINE, D.C. et al aThe African-American Odyssey